| 000 | 00855nam a2200253 i 4500 | ||
|---|---|---|---|
| 001 | 10418 | ||
| 003 | ES-MaACL | ||
| 005 | 20250808062707.0 | ||
| 007 | t| | ||
| 008 | 950612s1977 sp ||||1| spa d | ||
| 020 | _a84-220-0821-1 | ||
| 080 | _a27-567 | ||
| 100 | 1 |
_aSpicq, Ceslaus. _9107714 |
|
| 245 | 1 | 0 |
_aVida cristiana y peregrinación según el Nuevo Testamento / _cpor C. Spicq ; [traducción por José Luis Legaza]. |
| 260 |
_aMadrid : _bLa Editorial Católica, _c1977. |
||
| 300 |
_aXI, 1 h., 208 p., 1 h. ; _c20 cm. |
||
| 490 | 1 |
_aBiblioteca de autores cristianos ; _v393 |
|
| 630 | 0 | 4 |
_aBiblia. _pN.T.- _vComentarios. _9119290 |
| 650 | 0 | 7 |
_aVida cristiana _2embne _917790 |
| 700 | 0 |
_aLegaza, José Luis. _971265 |
|
| 830 | 0 | 0 |
_aBiblioteca de autores cristianos _v393 _9178679 |
| 852 |
_aES-MaACL _jJ-386 _9R.46092 |
||
| 999 |
_c10418 _d10418 |
||